00554nam a22001697a 450000500170000001000150001702000260003203500140005803700130007208200120008510000150009724500920011226000450020427000640024930000210031350000500033420191202124654.0 aENG-127035 c295.00a9780199485291 aEN-110567 bDBAD/PUB a303.409 aDas, Veena aCritical events :cby Veena Dasban anthropological perspective on contemporary India / aNew DelhibOxford University Pressc2018 a23/4, Ground Floor, Ansari Road bDaryaganj , Delhie110002 a235p.c22cm(pbk) aIncludes bibliographical references and index